000 00668nam a2200277Ia 4500
005 20260324143056.0
008 008 260324s9999 xx 000 0 eng d
020 _a9781315681160
037 _aEBOOK
040 _aCRL
040 _beng
040 _cCRL
041 _2eng
041 _aeng
084 _qCRL
100 _aVictor A. Neufeldt
_91203754
245 2 _aA Bibliography of the Manuscripts of Patrick Branwell Brontë
260 _bTaylor and Francis
260 _c1993
365 _a
365 _b180
856 _uhttp://www.taylorfrancis.com/books/9781315681160
942 _cEBOOK
999 _c1819274
_d1819274